000 01061nab a22002057a 4500
999 _c5420
_d5420
003 OSt
005 20250327121540.0
008 190506c xxu||||| |||| 00| 0 spa d
040 _cPJ
100 _94416
_aAhuad, Ernesto J.
245 1 0 _a¿Jugadores o trabajadores? Desafíos legales de los vínculos contractuales en el limbo metaversal /
_cErnesto J. Ahuad.
260 _aBuenos Aires :
_bAbeledoPerrot,
_c2025.
300 _ap. 3-8
500 _aTR LALEY AR/DOC/3313/2024
505 _aSumario: I. Introducción.— II. Economía, relaciones laborales y metaversos.— III. Los mecenazgos en el play to earn.— IV. Teorizando sobre la naturaleza de la relación.— V. Gremios de criptogamers y contratos inteligentes.— VI. Conclusión.— VII. Bibliografía.
505 _t¿Te interesa el texto completo? Comunicate al correo: koha@justierradelfuego.gov.ar
650 0 _9209
_aDERECHO EN GENERAL
773 0 _02751
_93202
_dBuenos Aires : AbeledoPerrot, 2013-
_tRevista de derecho laboral y seguridad social. Nº 3 - Febrero 2025
942 _2udc
_cANA